000 00488nam a2200133Ia 4500
005 20260209120134.0
008 260209s9999||||xx |||||||||||||| ||und||
100 _aPreetika Sharma
245 0 _aCorporate social responsibility in India : a study from environmental perspective
260 _aBangaloreBangalore
_bNLSIU
_c2014
300 _a94 p. ; 25 cm.
700 _aProf. (Dr.) Sairam Bhat - GuideProf. (Dr.) Sairam Bhat - Guide
856 _uhttps://dans.nls.ac.in/handle/123456789/1701
999 _c217172
_d217172